| 000 | 00466nam a2200169 a 4500 | ||
|---|---|---|---|
| 005 | 20140412111320.0 | ||
| 008 | 010402s19uu xx 00 eng d | ||
| 020 | _a0-7214-1916-X | ||
| 050 |
_aER _bIn1 1996 |
||
| 100 | _aKing, Colin | ||
| 245 |
_aIn comes the tide / _cColin and Valerie King. |
||
| 260 |
_aLeicestershire, UK : _bLadybird Books Ltd, _c1996. |
||
| 300 | _a1 v.(unp.) ; ill. | ||
| 650 | _aChildren's stories | ||
| 650 | _aRhymes | ||
| 999 |
_c104350 _d104350 |
||